00274nam a2200097Ia 4500008004100000082001400041100001800055245008500073260000600158300001200164190415s9999 xx 000 0 und d aRI.0032:4 aChopra, Kusum 0aFemale work participation in the three crop regions of India : An inter-temporal c0 a33+12p.